Prueba de Liberia - Estadísticas

Estadísticas generales
  • Esta prueba ha sido intentada 983 veces
  • La puntuación promedio es 9 de 14
Estadísticas de respuestas
Pregunta Respuesta % Correcto
Idioma oficial Inglés
95%
Países limítrofes Sierra Leona
90%
Por ley, un hombre liberiano puede tener hasta cuatro ... Esposas
88%
Liberia fue fundada como un lugar para los esclavos liberados de este país Estados Unidos
88%
Países limítrofes Guinea
88%
Países limítrofes Costa de Marfil
86%
Capital de Liberia Monrovia
80%
Moneda de Liberia Dólar
69%
El presidente de ese país por el cual la capital fue nombrada James Monroe
56%
Nombre histórico de Liberia (pista: una especia) Costa de la {Pimienta}
51%
El futbolista que ganó el Balón de Oro en 1995 y fue elegido Presidente en 2018 George Weah
48%
Producto arbóreo que representa el 11% de las exportaciones de Liberia Caucho
26%
Como una popular "bandera de conveniencia", Liberia tiene técnicamente el segundo mayor tonelaje de _______ de cualquier país Embarque
26%
Brutal señor de la guerra que fue condenado por crímenes contra la humanidad por la Haya en 2012 Charles {Taylor}
16%
No se encontraron pruebas coincidentes
Distribución de puntuación
Porcentaje de gente con cada puntuación
Porcentaje por número respondido
Historial de tus puntuaciones
No has intentado esta prueba.